000 00359nam a2200133Ia 4500
999 _c10853
_d10853
008 191201s2011 xx 000 0 und d
082 _a070.4
_bSIC
100 _aSINGHAI, Rahul
245 0 _aComputer Applications for Journalism
260 _aNew delhi
_bReference Press
_c2006
300 _a226
650 _aBachelor of Mass Communication
942 _2ddc
_cBK